Sports par images - Statistiques

Statistiques générales
  • Ce quiz a été pris 1 274 fois
    1 226 depuis la dernière actualisation
  • Le résultat moyen est 10 sur 12
Statistiques - réponses
Par images Réponse % Correct
Tennis
100%
Soccer
99%
Hockey
95%
Natation
94%
Équitation
89%
Gymnastique
88%
Basketball
83%
Baseball
82%
Cyclisme
78%
Boxe
73%
Karaté
69%
Cheerleading
27%
Aucun quiz correspondant
Distribution des résultats
% des personnes avec chaque résultat
Percentile par nombre de réponses
Votre historique - résultats
Vous n’avez pas pris ce quiz depuis la dernière actualisation